Geschlechtsspezifische Formen der Alkoholismusentwicklung

Saved in:  
Bibliographic Details
Main Author: Auerbach, Peter (Author)
Format: Print Article
Language:German
Published: 1983
In: Frauenalkoholismus
Year: 1983, Pages: 21-33
Check availability: HBZ Gateway
Keywords:

MARC

LEADER 00000caa a2200000 c 4500
001 142156744X
003 DE-627
005 20220530115144.0
007 tu
008 111014s1983 xx ||||| 00| ||ger c
020 |a 3170077503 
035 |a (DE-627)142156744X 
035 |a (DE-576)351567445 
035 |a (DE-599)BSZ351567445 
040 |a DE-627  |b ger  |c DE-627  |e rakwb 
041 |a ger 
100 1 |a Auerbach, Peter  |4 aut 
245 1 0 |a Geschlechtsspezifische Formen der Alkoholismusentwicklung  |c P. Auerbach 
264 1 |c 1983 
336 |a Text  |b txt  |2 rdacontent 
337 |a ohne Hilfsmittel zu benutzen  |b n  |2 rdamedia 
338 |a Band  |b nc  |2 rdacarrier 
773 0 8 |i In  |t Frauenalkoholismus  |d Stuttgart [u.a.] : Kohlhammer, 1983  |g (1983), Seite 21-33  |h 139 S.  |w (DE-627)02738392X  |w (DE-576)026873079  |z 3170077503  |z 3170077503  |7 nnam 
773 1 8 |g year:1983  |g pages:21-33 
951 |a AR 
ELC |b 1 
LOK |0 000 xxxxxcx a22 zn 4500 
LOK |0 001 2692291999 
LOK |0 003 DE-627 
LOK |0 004 142156744X 
LOK |0 005 20260112125213 
LOK |0 008 111014||||||||||||||||ger||||||| 
LOK |0 040   |a DE-21-110  |c DE-627  |d DE-21-110 
LOK |0 689   |a s  |a Frauenalkoholismus 
LOK |0 852   |a DE-21-110 
LOK |0 852 1  |m p  |9 00 
LOK |0 935   |a k110 
LOK |0 938   |k p 
LOK |0 939   |a 14-10-11  |b l01 
ORI |a SA-MARC-krimdoka001.raw